| 000 | 00979nam a2200229 i 4500 | ||
|---|---|---|---|
| 001 | 10216 | ||
| 003 | ES-MaACL | ||
| 005 | 20230906145836.0 | ||
| 007 | t| | ||
| 008 | 950322s1994 sp ||||1| spa d | ||
| 020 | _a84-87111-45-9 | ||
| 080 | _a614.253 | ||
| 245 | 0 | 3 |
_aLa responsabilidad de los médicos y centros hospitalarios frente a los usuarios de la sanidad pública y privada : _bactas de la Jornada organizada por la Fundación de Ciencias de la Salud y celebrada el 18 de octubre de 1993. |
| 260 |
_aMadrid : _bFundación Ciencias de la Salud ; _aAranjuez : _bDoce Calles, _c[1994] |
||
| 300 |
_a190 p. ; _c24 cm. |
||
| 490 | 1 | _aDebates de la Fundación de Ciencias de la Salud. Ética y humanidades | |
| 650 | 4 |
_aMédicos- _xMoral profesional. _914942 |
|
| 710 | 2 |
_aFundación de Ciencias de la Salud. _94267 |
|
| 830 | 1 |
_aDebates de la Fundación de Ciencias de la Salud. Ética y humanidades _9228108 |
|
| 852 | 4 |
_aES-MaACL _jL-17691 |
|
| 999 |
_c10216 _d10216 |
||